Masterpieces of illuminated letters and borders (Record no. 273459)

MARC details
000 -LEADER
fixed length control field 01076nam a2200241Ia 4500
008 - FIXED-LENGTH DATA ELEMENTS--GENERAL INFORMATION
fixed length control field 191130s2006##################000#0#eng##
020 ## - INTERNATIONAL STANDARD BOOK NUMBER
ISBN 9780486447841
082 ## - DEWEY DECIMAL CLASSIFICATION NUMBER
Classification number 745.67 TYM
100 ## - MAIN ENTRY--AUTHOR NAME
Personal name Tymms, W. R
245 ## - TITLE STATEMENT
Title Masterpieces of illuminated letters and borders
Statement of responsibility, etc W.R. Tymms and M.D. Wyatt
260 ## - PUBLICATION, DISTRIBUTION, ETC. (IMPRINT)
Place of publication Mineola, NY
Name of publisher Dover Publications
Year of publication 2006
300 ## - PHYSICAL DESCRIPTION
Number of Pages 57 p. of plates : col. ill. ; 28 cm
500 ## - GENERAL NOTE
General note Selection of plates from: The art of illuminating as practised in Europe from the earliest times, illustrated by borders, initial letters, and alphabets. London : Day and Son, Lithographers to the Queen, 1860. New selection of 58 plates selected & chromolithographed by W.R. Tymms, with an essay and instructions by M.D. Wyatt
650 ## - SUBJECT ADDED ENTRY--TOPICAL TERM
Topical Term Alphabets
Topical Term Borders, Ornamental (Decorative arts)
Topical Term Illumination of books and manuscripts - Themes, motives
Topical Term Initials
700 ## - ADDED ENTRY--PERSONAL NAME
Personal name Wyatt, M. Digby
991 ## -
-- 326599
Holdings
Withdrawn status Lost status Damaged status Not for loan Home library Current library Shelving location Date acquired Full call number Accession Number Price effective from Koha item type
        Anna Centenary Library Anna Centenary Library 6TH FLOOR, B WING 13.10.2020 745.67 TYM 402642 13.10.2020 English Books
        Anna Centenary Library Anna Centenary Library 6TH FLOOR, B WING 13.10.2020 745.67 TYM 402643 13.10.2020 English Books

Find us on the map